NFL Cleveland Browns 2023 Starting Lineup - Statistics

General Stats
  • This quiz has been taken 506 times
    474 since last reset
  • The average score is 18 of 25
Answer Stats
Position Player % Correct
RB1 Nick Chubb
100%
QB Deshaun Watson
99%
WR1 Amari Cooper
97%
TE1 David Njoku
96%
RE Myles Garrett
96%
RB2 Jerome Ford
93%
CB1 Denzel Ward
91%
WR2 Donovan Peoples-Jones
78%
WR3 Elijah Moore
78%
LG Joel Bitonio
78%
CB2 Greg Newsome
76%
RG Wyatt Teller
75%
LE Za’Darius Smith
74%
SS Grant Delpit
65%
LB2 Jeremiah Owusu-Koramoah
65%
CB3 Martin Emerson
65%
LT Jedrick Wills Jr.
62%
C Ethan Pocic
59%
RT Jack Conklin
58%
FS Juan Thornhill
56%
DT1 Dalvin Tomlinson
52%
DT2 Shelby Harris
51%
LB1 Anthony Walker Jr.
48%
TE2 Jordan Akins
42%
CB4 Cameron Mitchell
27%
No matching quizzes found
Score Distribution
Percent of People with Each Score
Percentile by Number Answered
Your Score History
You have not taken this quiz since the last reset